[Event "Women's World Team Chess Championship"]
[Site "Khanty-Mansiysk, RUS."]
[Date "2017.06.19"]
[Round "3.2"]
[White "Gaponenko Inna (UKR)"]
[Black "Tania Sachdev (IND)"]
[Result "1-0"]
[BlackElo "2408"]
[WhiteElo "2428"]
[LiveChessVersion "1.4.8"]

1. e4 {[%clk 1:30:57]} c5 {[%clk 1:30:53]} 2. Nf3 {[%clk 1:31:07]} e6
{[%clk 1:31:18]} 3. d4 {[%clk 1:29:11]} cxd4 {[%clk 1:31:36]} 4. Nxd4
{[%clk 1:29:36]} a6 {[%clk 1:31:54]} 5. c4 {[%clk 1:27:51]} Nf6 {[%clk 1:32:01]}
6. Nc3 {[%clk 1:28:16]} Qc7 {[%clk 1:32:20]} 7. a3 {[%clk 1:27:00]} b6
{[%clk 1:32:30]} 8. Be3 {[%clk 1:24:54]} Bb7 {[%clk 1:30:47]} 9. f3
{[%clk 1:25:18]} d6 {[%clk 1:30:13]} 10. Be2 {[%clk 1:21:35]} Be7
{[%clk 1:30:12]} 11. O-O {[%clk 1:20:55]} O-O {[%clk 1:30:09]} 12. Rc1
{[%clk 1:16:11]} Nbd7 {[%clk 1:30:02]} 13. Qe1 {[%clk 1:01:44]} Rac8
{[%clk 1:25:04]} 14. Qf2 {[%clk 0:55:25]} Qb8 {[%clk 1:13:46]} 15. b4
{[%clk 0:54:12]} Bd8 {[%clk 0:57:06]} 16. Na4 {[%clk 0:51:08]} Ne5
{[%clk 0:42:17]} 17. Rfd1 {[%clk 0:27:59]} Nfd7 {[%clk 0:33:17]} 18. f4
{[%clk 0:18:51]} Ng6 {[%clk 0:29:41]} 19. f5 {[%clk 0:15:55]} Nge5
{[%clk 0:26:16]} 20. Qg3 {[%clk 0:14:52]} Bxe4 {[%clk 0:22:32]} 21. fxe6
{[%clk 0:08:18]} fxe6 {[%clk 0:17:30]} 22. Nxe6 {[%clk 0:08:28]} Rf7
{[%clk 0:17:59]} 23. Nc3 {[%clk 0:03:15]} Bf5 {[%clk 0:16:36]} 24. Nxd8
{[%clk 0:03:38]} Rxd8 {[%clk 0:17:01]} 25. c5 {[%clk 0:03:48]} bxc5
{[%clk 0:13:17]} 26. bxc5 {[%clk 0:04:14]} dxc5 {[%clk 0:11:04]} 27. Bf4
{[%clk 0:03:50]} Re8 {[%clk 0:11:24]} 28. Bxa6 {[%clk 0:02:04]} Qa7
{[%clk 0:06:03]} 29. Nb5 {[%clk 0:01:05]} Qxa6 {[%clk 0:06:12]} 30. Nc7
{[%clk 0:01:34]} Qc8 {[%clk 0:02:34]} 31. Nxe8 Qxe8 {[%clk 0:03:02]} 32. Bxe5
{[%clk 0:02:20]} Nxe5 {[%clk 0:03:19]} 33. Rxc5 {[%clk 0:01:40]} Nd7
{[%clk 0:02:43]} 34. Rcd5 {[%clk 0:01:17]} Qe4 {[%clk 0:01:02]} 35. h3
{[%clk 0:00:57]} h6 {[%clk 0:01:02]} 36. Qc3 {[%clk 0:00:59]} Kh7
{[%clk 0:00:44]} 37. Qd4 {[%clk 0:01:10]} Qxd4+ {[%clk 0:00:40]} 38. R1xd4
{[%clk 0:01:26]} Nb6 {[%clk 0:00:37]} 39. Rb5 {[%clk 0:01:35]} Nc8
{[%clk 0:00:38]} 40. a4 {[%clk 0:31:21]} Rd7 {[%clk 0:30:34]} 41. Rxd7 Bxd7
{[%clk 0:31:03]} 42. Rb8 {[%clk 0:26:40]} Be6 {[%clk 0:24:34]} 43. a5
{[%clk 0:25:23]} Kg6 {[%clk 0:18:32]} 44. a6 {[%clk 0:21:49]} Kf6
{[%clk 0:17:04]} 45. Kf2 {[%clk 0:08:40]} g6 {[%clk 0:11:58]} 46. Rb7
{[%clk 0:01:10]} Bd5 {[%clk 0:12:14]} 47. Rd7 {[%clk 0:00:46]} Ke5
{[%clk 0:11:20]} 48. a7 {[%clk 0:00:41]} Nb6 {[%clk 0:11:30]} 49. Rd8
{[%clk 0:00:42]} h5 {[%clk 0:10:28]} 50. h4 {[%clk 0:00:58]} Na8 {[%clk 0:06:59]}
51. g3 {[%clk 0:01:11]} Bh1 {[%clk 0:05:57]} 52. Rg8 {[%clk 0:00:58]} Kf5
{[%clk 0:05:36]} 53. Rf8+ {[%clk 0:01:04]} Ke5 {[%clk 0:05:56]} 54. Ke3
{[%clk 0:01:28]} Bd5 {[%clk 0:05:46]} 55. Re8+ {[%clk 0:01:19]} Kf5
{[%clk 0:05:30]} 56. Kd4 {[%clk 0:01:44]} Bh1 {[%clk 0:04:48]} 57. Re5+
{[%clk 0:01:55]} Kf6 {[%clk 0:05:17]} 58. Re1 {[%clk 0:01:47]} Bg2
{[%clk 0:05:02]} 59. Rg1 {[%clk 0:01:06]} Bb7 {[%clk 0:04:24]} 60. Rf1+
{[%clk 0:00:51]} Ke6 {[%clk 0:04:53]} 61. Kc5 {[%clk 0:00:56]} Ke5
{[%clk 0:04:27]} 62. Re1+ {[%clk 0:00:43]} Kf5 {[%clk 0:04:48]} 63. Kd6
{[%clk 0:01:05]} Kg4 {[%clk 0:04:18]} 64. Rb1 {[%clk 0:01:03]} Bg2
{[%clk 0:03:00]} 65. Rb5 {[%clk 0:01:15]} Be4 {[%clk 0:01:48]} 66. Rb4
{[%clk 0:00:48]} Kf5 {[%clk 0:01:52]} 67. Kd7 {[%clk 0:00:54]} Bg2
{[%clk 0:00:41]} 68. Rb5+ {[%clk 0:01:08]} Kf6 {[%clk 0:01:07]} 69. Kc8
{[%clk 0:01:03]} Ke6 {[%clk 0:01:02]} 70. Kb8 {[%clk 0:00:48]} Bh1
{[%clk 0:00:41]} 71. Rg5 {[%clk 0:00:47]} Kf6 {[%clk 0:01:05]} 72. Rb5
{[%clk 0:00:57]} Ke6 {[%clk 0:01:33]} 73. Rb3 {[%clk 0:00:59]} Bg2
{[%clk 0:01:27]} 74. Rb2 {[%clk 0:01:03]} Bh1 {[%clk 0:01:14]} 75. Kc8
{[%clk 0:01:10]} Bd5 {[%clk 0:00:43]} 76. Kd8 {[%clk 0:01:17]} Kf7
{[%clk 0:00:47]} 77. Kd7 {[%clk 0:01:37]} Be4 {[%clk 0:00:38]} 78. Rf2+
{[%clk 0:01:45]} Bf5+ {[%clk 0:00:42]} 79. Kc6 {[%clk 0:01:50]} Ke7
{[%clk 0:00:32]} 80. Re2+ {[%clk 0:01:39]} Kd8 {[%clk 0:00:33]} 81. Kb7
{[%clk 0:02:00]} Nc7 {[%clk 0:00:51]} 82. Rd2+ {[%clk 0:02:23]} Bd7
{[%clk 0:01:19]} 83. Rd1 {[%clk 0:02:23]} 1-0

[Event "Women's World Team Chess Championship"]
[Site "Khanty-Mansiysk, RUS."]
[Date "2017.06.19"]
[Round "3.5"]
[White "Zawadzka Jolanta (POL)"]
[Black "Zatonskih Anna (USA)"]
[Result "1/2-1/2"]
[BlackElo "2417"]
[WhiteElo "2426"]
[LiveChessVersion "1.4.8"]

1. e4 {[%clk 1:30:56]} e5 {[%clk 1:30:54]} 2. Nf3 {[%clk 1:31:21]} Nf6
{[%clk 1:31:19]} 3. Nxe5 {[%clk 1:31:39]} d6 {[%clk 1:31:29]} 4. Nf3
{[%clk 1:32:03]} Nxe4 {[%clk 1:31:53]} 5. d4 {[%clk 1:32:18]} d5 {[%clk 1:31:40]}
6. Bd3 {[%clk 1:32:39]} Nc6 {[%clk 1:30:02]} 7. O-O {[%clk 1:32:35]} Bg4
{[%clk 1:27:47]} 8. Re1 {[%clk 1:26:42]} Be7 {[%clk 1:04:22]} 9. Bxe4
{[%clk 1:14:27]} dxe4 {[%clk 1:04:39]} 10. Rxe4 {[%clk 1:14:50]} Bxf3
{[%clk 1:02:42]} 11. Qxf3 {[%clk 0:54:32]} Nxd4 {[%clk 0:59:28]} 12. Qd3
{[%clk 0:51:36]} Ne6 {[%clk 0:53:27]} 13. Qe2 {[%clk 0:50:00]} O-O
{[%clk 0:51:26]} 14. Be3 {[%clk 0:44:36]} Bf6 {[%clk 0:48:49]} 15. c3
{[%clk 0:41:00]} Qd5 {[%clk 0:45:22]} 16. Nd2 {[%clk 0:37:57]} Rad8
{[%clk 0:43:13]} 17. Rg4 {[%clk 0:30:33]} Rfe8 {[%clk 0:34:46]} 18. Qf3
{[%clk 0:27:30]} Bg5 {[%clk 0:20:33]} 19. Bxg5 {[%clk 0:18:01]} Nxg5
{[%clk 0:20:54]} 20. Qxd5 {[%clk 0:18:20]} Rxd5 {[%clk 0:21:18]} 21. Nf1
{[%clk 0:18:43]} h5 {[%clk 0:15:53]} 22. Rb4 {[%clk 0:19:02]} b6 {[%clk 0:16:16]}
23. h4 {[%clk 0:17:53]} Nh7 {[%clk 0:14:58]} 24. Rc4 {[%clk 0:16:25]} c5
{[%clk 0:15:17]} 25. b4 {[%clk 0:15:40]} cxb4 {[%clk 0:12:42]} 26. cxb4
{[%clk 0:16:02]} Nf6 {[%clk 0:13:04]} 27. a4 {[%clk 0:13:12]} Re4
{[%clk 0:10:56]} 28. Rac1 {[%clk 0:05:48]} Rxc4 {[%clk 0:09:14]} 29. Rxc4
{[%clk 0:06:16]} Rd1 {[%clk 0:09:39]} 30. g3 {[%clk 0:05:46]} Ra1
{[%clk 0:07:50]} 31. b5 {[%clk 0:05:41]} g6 {[%clk 0:06:24]} 32. Kg2
{[%clk 0:05:11]} Ng4 {[%clk 0:04:55]} 33. Ne3 {[%clk 0:04:30]} Nxe3+
{[%clk 0:04:18]} 34. fxe3 {[%clk 0:04:55]} Kg7 {[%clk 0:04:30]} 1/2-1/2

[Event "Women's World Team Chess Championship"]
[Site "Khanty-Mansiysk, RUS."]
[Date "2017.06.19"]
[Round "3.8"]
[White "Gorti Akshita (USA)"]
[Black "Majdan Joanna (POL)"]
[Result "1/2-1/2"]
[BlackElo "2366"]
[WhiteElo "2240"]
[LiveChessVersion "1.4.8"]

1. d4 {[%clk 1:30:57]} Nf6 {[%clk 1:30:54]} 2. c4 {[%clk 1:31:17]} c5
{[%clk 1:31:08]} 3. d5 {[%clk 1:31:39]} e6 {[%clk 1:31:16]} 4. Nc3
{[%clk 1:31:54]} exd5 {[%clk 1:31:26]} 5. cxd5 {[%clk 1:32:16]} d6
{[%clk 1:31:47]} 6. Nf3 {[%clk 1:32:28]} a6 {[%clk 1:29:00]} 7. a4
{[%clk 1:32:10]} g6 {[%clk 1:29:25]} 8. Bf4 {[%clk 1:32:04]} Bg7 {[%clk 1:29:34]}
9. h3 {[%clk 1:32:06]} O-O {[%clk 1:29:10]} 10. e3 {[%clk 1:32:11]} Qc7
{[%clk 1:25:09]} 11. Be2 {[%clk 1:28:41]} Nbd7 {[%clk 1:24:44]} 12. O-O
{[%clk 1:27:56]} Re8 {[%clk 1:19:57]} 13. Nd2 {[%clk 1:21:32]} Ne5
{[%clk 1:19:34]} 14. Bh2 {[%clk 1:20:39]} Rb8 {[%clk 1:08:55]} 15. e4
{[%clk 1:15:26]} g5 {[%clk 1:05:35]} 16. a5 {[%clk 1:00:42]} Nfd7
{[%clk 1:00:00]} 17. f4 {[%clk 0:57:37]} gxf4 {[%clk 1:00:21]} 18. Bxf4
{[%clk 0:57:23]} b5 {[%clk 0:59:41]} 19. axb6 {[%clk 0:53:35]} Rxb6
{[%clk 0:59:15]} 20. Qc2 {[%clk 0:52:09]} Qb8 {[%clk 0:50:59]} 21. Ra2
{[%clk 0:49:29]} Rb4 {[%clk 0:48:53]} 22. Kh1 {[%clk 0:43:04]} Ng6
{[%clk 0:48:06]} 23. Bh2 {[%clk 0:41:39]} Nde5 {[%clk 0:48:01]} 24. b3
{[%clk 0:34:02]} Qb6 {[%clk 0:30:42]} 25. Na4 {[%clk 0:27:45]} Qd8
{[%clk 0:30:51]} 26. Nb2 {[%clk 0:25:00]} Qg5 {[%clk 0:30:06]} 27. Bxa6
{[%clk 0:23:07]} Rd4 {[%clk 0:26:12]} 28. Ndc4 {[%clk 0:15:45]} Bxa6
{[%clk 0:23:10]} 29. Rxa6 {[%clk 0:16:06]} Nxc4 {[%clk 0:23:34]} 30. Nxc4
{[%clk 0:16:17]} Rdxe4 {[%clk 0:23:34]} 31. Ra8 {[%clk 0:15:12]} Qxd5
{[%clk 0:23:00]} 32. Rxe8+ {[%clk 0:15:23]} Rxe8 {[%clk 0:23:28]} 33. Nxd6
{[%clk 0:15:02]} Re3 {[%clk 0:17:19]} 34. Qc4 {[%clk 0:12:17]} Qxc4
{[%clk 0:16:23]} 35. bxc4 {[%clk 0:12:42]} Rd3 {[%clk 0:15:34]} 36. Ne4
{[%clk 0:08:27]} Rd4 {[%clk 0:14:48]} 37. Nxc5 {[%clk 0:08:51]} Rxc4
{[%clk 0:15:16]} 38. Nd3 {[%clk 0:08:42]} 1/2-1/2

[Event "Women's World Team Chess Championship"]
[Site "Khanty-Mansiysk, RUS."]
[Date "2017.06.19"]
[Round "3.10"]
[White "Khotenashvili Bela (GEO)"]
[Black "Moaataz Ayah (EGY)"]
[Result "1-0"]
[BlackElo "2020"]
[WhiteElo "2452"]
[LiveChessVersion "1.4.8"]

1. Nf3 {[%clk 1:30:39]} Nf6 {[%clk 1:30:54]} 2. g3 {[%clk 1:30:37]} d5
{[%clk 1:31:13]} 3. Bg2 {[%clk 1:31:00]} e6 {[%clk 1:31:22]} 4. O-O
{[%clk 1:30:55]} Be7 {[%clk 1:31:17]} 5. d3 {[%clk 1:31:09]} c5 {[%clk 1:31:37]}
6. Nbd2 {[%clk 1:31:31]} Nc6 {[%clk 1:31:47]} 7. e4 {[%clk 1:31:18]} O-O
{[%clk 1:31:49]} 8. Re1 {[%clk 1:31:03]} Qc7 {[%clk 1:31:18]} 9. c3
{[%clk 1:28:06]} dxe4 {[%clk 1:29:46]} 10. dxe4 {[%clk 1:28:16]} e5
{[%clk 1:29:58]} 11. Qc2 {[%clk 1:26:37]} Rd8 {[%clk 1:29:39]} 12. Nc4
{[%clk 1:24:18]} b5 {[%clk 1:22:04]} 13. Ne3 {[%clk 1:21:30]} Bb7
{[%clk 1:14:42]} 14. Nf5 {[%clk 1:06:56]} b4 {[%clk 0:58:06]} 15. Bf1
{[%clk 0:50:47]} Rac8 {[%clk 0:56:25]} 16. Bd2 {[%clk 0:38:06]} Rd7
{[%clk 0:50:19]} 17. Bg5 {[%clk 0:33:24]} Qd8 {[%clk 0:48:13]} 18. Nxe7+
{[%clk 0:31:59]} Qxe7 {[%clk 0:48:26]} 19. Bh3 {[%clk 0:31:47]} Rd6
{[%clk 0:46:19]} 20. Nh4 {[%clk 0:29:26]} g6 {[%clk 0:45:34]} 21. Bxc8
{[%clk 0:28:58]} Bxc8 {[%clk 0:45:58]} 22. Rad1 {[%clk 0:28:58]} Bg4
{[%clk 0:45:12]} 23. Rxd6 {[%clk 0:28:07]} Qxd6 {[%clk 0:45:35]} 24. f3
{[%clk 0:27:44]} Bh3 {[%clk 0:44:50]} 25. Rd1 {[%clk 0:27:33]} Qe6
{[%clk 0:45:10]} 26. Qd2 {[%clk 0:27:17]} bxc3 {[%clk 0:43:01]} 27. bxc3
{[%clk 0:26:09]} h5 {[%clk 0:43:09]} 28. Qd6 {[%clk 0:24:08]} Nd7
{[%clk 0:41:53]} 29. Be3 {[%clk 0:20:29]} Qxa2 {[%clk 0:34:58]} 30. Bf2
{[%clk 0:19:01]} Qe6 {[%clk 0:29:36]} 31. Nf5 {[%clk 0:13:37]} Qxd6
{[%clk 0:25:37]} 32. Rxd6 {[%clk 0:12:58]} gxf5 {[%clk 0:25:36]} 33. Rxd7
{[%clk 0:11:29]} fxe4 {[%clk 0:25:57]} 34. Rc7 {[%clk 0:08:50]} Na5
{[%clk 0:26:03]} 35. fxe4 {[%clk 0:07:49]} Nb3 {[%clk 0:23:17]} 36. Bxc5
{[%clk 0:07:44]} a5 {[%clk 0:23:01]} 37. Be3 {[%clk 0:05:38]} Be6
{[%clk 0:22:36]} 38. Kf2 {[%clk 0:04:42]} Na1 {[%clk 0:20:59]} 39. Ra7
{[%clk 0:02:41]} Nb3 {[%clk 0:21:21]} 40. Bg5 {[%clk 0:32:06]} Kg7
{[%clk 0:50:29]} 41. Ke3 {[%clk 0:28:21]} a4 {[%clk 0:45:38]} 42. Be7
{[%clk 0:27:00]} f6 {[%clk 0:43:25]} 43. Rxa4 {[%clk 0:26:41]} Kf7
{[%clk 0:42:29]} 44. Bb4 {[%clk 0:23:53]} Bc4 {[%clk 0:42:03]} 45. Ba3
{[%clk 0:22:24]} Be6 {[%clk 0:41:18]} 46. Bd6 {[%clk 0:20:52]} Bg4
{[%clk 0:39:16]} 47. Ra3 {[%clk 0:19:44]} Bd1 {[%clk 0:39:27]} 48. h3
{[%clk 0:17:15]} Ke6 {[%clk 0:39:16]} 49. Bb4 {[%clk 0:17:00]} Kd7
{[%clk 0:39:06]} 50. Ra6 {[%clk 0:16:53]} Kc7 {[%clk 0:37:44]} 51. Rxf6
{[%clk 0:17:09]} Na1 {[%clk 0:37:37]} 52. Bd6+ {[%clk 0:17:16]} 1-0

[Event "Women's World Team Chess Championship"]
[Site "Khanty-Mansiysk, RUS."]
[Date "2017.06.19"]
[Round "3.11"]
[White "Elansary Eman (EGY)"]
[Black "Batsiashvili Nino (GEO)"]
[Result "0-1"]
[BlackElo "2469"]
[WhiteElo "1887"]
[LiveChessVersion "1.4.8"]

1. d4 {[%clk 1:30:55]} Nf6 {[%clk 1:30:56]} 2. Nf3 {[%clk 1:31:10]} e6
{[%clk 1:31:16]} 3. e3 {[%clk 1:31:22]} d5 {[%clk 1:30:33]} 4. Bd3
{[%clk 1:30:29]} c5 {[%clk 1:30:25]} 5. b3 {[%clk 1:28:46]} Nc6 {[%clk 1:27:36]}
6. Bb2 {[%clk 1:26:38]} Bd6 {[%clk 1:21:22]} 7. O-O {[%clk 1:25:49]} O-O
{[%clk 1:20:15]} 8. Nbd2 {[%clk 1:24:43]} Nb4 {[%clk 1:19:02]} 9. Be2
{[%clk 1:22:00]} b6 {[%clk 1:19:18]} 10. Ne5 {[%clk 1:21:49]} Bb7
{[%clk 1:15:37]} 11. f4 {[%clk 1:20:47]} cxd4 {[%clk 1:14:09]} 12. exd4
{[%clk 1:20:57]} Rc8 {[%clk 1:14:23]} 13. c3 {[%clk 1:20:19]} Nc6
{[%clk 1:14:48]} 14. Bd3 {[%clk 1:18:58]} Ne7 {[%clk 1:14:21]} 15. Qf3
{[%clk 1:16:36]} Ne8 {[%clk 1:03:01]} 16. Rae1 {[%clk 1:10:10]} f5
{[%clk 1:02:20]} 17. g4 {[%clk 1:08:55]} Nf6 {[%clk 1:01:11]} 18. gxf5
{[%clk 0:56:54]} exf5 {[%clk 1:00:03]} 19. Qh3 {[%clk 0:56:01]} Ne4
{[%clk 0:59:22]} 20. Nxe4 {[%clk 0:52:46]} dxe4 {[%clk 0:56:09]} 21. Bc4+
{[%clk 0:52:05]} Bd5 {[%clk 0:55:41]} 22. Bxd5+ Nxd5 {[%clk 0:56:09]} 23. c4
{[%clk 0:34:57]} Nb4 {[%clk 0:51:59]} 24. Re2 {[%clk 0:34:09]} b5
{[%clk 0:37:39]} 25. Rg2 {[%clk 0:23:43]} bxc4 {[%clk 0:28:27]} 26. Kh1
{[%clk 0:18:24]} Rc7 {[%clk 0:21:21]} 27. bxc4 {[%clk 0:15:06]} Bxe5
{[%clk 0:19:35]} 28. dxe5 {[%clk 0:12:29]} Nd3 {[%clk 0:12:51]} 29. Ba3
{[%clk 0:12:46]} Rff7 {[%clk 0:12:54]} 30. Bd6 {[%clk 0:09:17]} Rb7
{[%clk 0:10:20]} 31. c5 {[%clk 0:08:25]} Qc8 {[%clk 0:10:48]} 32. Qe3
{[%clk 0:07:03]} Qc6 {[%clk 0:08:47]} 33. e6 {[%clk 0:05:20]} Rf6
{[%clk 0:09:10]} 34. Qd4 {[%clk 0:05:23]} Rxe6 {[%clk 0:09:21]} 35. Rfg1
{[%clk 0:05:24]} Rg6 {[%clk 0:09:10]} 36. Qc4+ {[%clk 0:02:25]} Kh8
{[%clk 0:09:00]} 37. Rxg6 hxg6 {[%clk 0:09:28]} 38. Kg2 {[%clk 0:01:28]} g5
{[%clk 0:07:27]} 39. Kg3 {[%clk 0:00:53]} gxf4+ {[%clk 0:07:45]} 40. Bxf4
{[%clk 0:30:54]} Qg6+ {[%clk 0:37:59]} 41. Kh3 {[%clk 0:29:48]} Nxf4+
{[%clk 0:38:15]} 0-1

[Event "Women's World Team Chess Championship"]
[Site "Khanty-Mansiysk, RUS."]
[Date "2017.06.19"]
[Round "3.13"]
[White "Lagno Kateryna (RUS)"]
[Black "Mamedjarova Zeinab (AZE)"]
[Result "1/2-1/2"]
[BlackElo "2289"]
[WhiteElo "2539"]
[LiveChessVersion "1.4.8"]

1. e4 {[%clk 1:30:57]} e5 {[%clk 1:30:52]} 2. Nf3 {[%clk 1:31:18]} d6
{[%clk 1:31:18]} 3. d4 {[%clk 1:31:07]} Nf6 {[%clk 1:31:37]} 4. dxe5
{[%clk 1:26:23]} Nxe4 {[%clk 1:32:03]} 5. Qd5 {[%clk 1:26:35]} Nc5
{[%clk 1:32:15]} 6. Bg5 {[%clk 1:26:37]} Qd7 {[%clk 1:32:06]} 7. exd6
{[%clk 1:23:37]} Bxd6 {[%clk 1:31:57]} 8. Nc3 {[%clk 1:23:45]} Qe6+
{[%clk 1:22:39]} 9. Be3 {[%clk 1:23:32]} Qxd5 {[%clk 1:19:02]} 10. Nxd5
{[%clk 1:23:45]} Ne6 {[%clk 1:10:42]} 11. Nd2 {[%clk 1:15:06]} Nd7
{[%clk 0:59:26]} 12. Nc4 {[%clk 1:03:35]} Bc5 {[%clk 0:54:04]} 13. O-O-O
{[%clk 0:58:56]} Bxe3+ {[%clk 0:45:32]} 14. Ncxe3 {[%clk 0:58:46]} Nb6
{[%clk 0:40:10]} 15. Be2 {[%clk 0:48:55]} Bd7 {[%clk 0:35:14]} 16. Rd2
{[%clk 0:41:25]} Nxd5 {[%clk 0:27:30]} 17. Nxd5 {[%clk 0:41:38]} c6
{[%clk 0:22:01]} 18. Ne3 {[%clk 0:40:12]} O-O-O {[%clk 0:19:37]} 19. Nc4
{[%clk 0:28:51]} Kc7 {[%clk 0:18:34]} 20. Ne5 {[%clk 0:19:46]} Bc8
{[%clk 0:15:09]} 21. Rhd1 {[%clk 0:19:23]} Rxd2 {[%clk 0:12:58]} 22. Rxd2
{[%clk 0:19:49]} Nd8 {[%clk 0:07:04]} 23. Bc4 {[%clk 0:15:05]} f6
{[%clk 0:06:39]} 24. Nf7 {[%clk 0:14:16]} Nxf7 {[%clk 0:06:59]} 25. Bxf7
{[%clk 0:14:43]} Rf8 {[%clk 0:06:59]} 26. Bc4 {[%clk 0:14:46]} Re8
{[%clk 0:07:02]} 27. Re2 {[%clk 0:14:56]} Rxe2 {[%clk 0:07:18]} 28. Bxe2
{[%clk 0:15:23]} Kd6 {[%clk 0:07:25]} 29. Kd2 {[%clk 0:15:43]} 1/2-1/2

[Event "Women's World Team Chess Championship"]
[Site "Khanty-Mansiysk, RUS."]
[Date "2017.06.19"]
[Round "3.15"]
[White "Goryachkina Aleksandra (RUS)"]
[Black "Mammadova Gulnar (AZE)"]
[Result "1/2-1/2"]
[BlackElo "2362"]
[WhiteElo "2477"]
[LiveChessVersion "1.4.8"]

1. d4 {[%clk 1:30:50]} d5 {[%clk 1:30:51]} 2. c4 {[%clk 1:31:15]} c6
{[%clk 1:31:14]} 3. cxd5 {[%clk 1:31:40]} cxd5 {[%clk 1:31:38]} 4. Bf4
{[%clk 1:32:05]} Nc6 {[%clk 1:31:52]} 5. e3 {[%clk 1:32:27]} Nf6 {[%clk 1:32:13]}
6. Nc3 {[%clk 1:32:51]} Bf5 {[%clk 1:32:26]} 7. Qb3 {[%clk 1:32:44]} Na5
{[%clk 1:32:33]} 8. Qa4+ {[%clk 1:33:05]} Bd7 {[%clk 1:32:54]} 9. Qc2
{[%clk 1:33:26]} e6 {[%clk 1:33:09]} 10. Bd3 {[%clk 1:32:40]} Be7
{[%clk 1:33:21]} 11. h3 {[%clk 1:32:14]} Rc8 {[%clk 1:32:54]} 12. Nf3
{[%clk 1:31:20]} a6 {[%clk 1:31:25]} 13. O-O {[%clk 1:25:20]} O-O
{[%clk 1:31:04]} 14. Qe2 {[%clk 1:23:09]} Nh5 {[%clk 1:24:30]} 15. Bh2
{[%clk 1:21:20]} f5 {[%clk 1:23:46]} 16. Ne5 {[%clk 1:11:22]} Nf6
{[%clk 1:21:41]} 17. f3 {[%clk 1:10:42]} Nc6 {[%clk 1:12:12]} 18. g4
{[%clk 1:07:39]} fxg4 {[%clk 1:06:17]} 19. hxg4 {[%clk 1:05:39]} Be8
{[%clk 1:03:24]} 20. Kg2 {[%clk 1:02:42]} Nd7 {[%clk 0:56:57]} 21. Rh1
{[%clk 0:58:03]} Ndxe5 {[%clk 0:53:24]} 22. Bxe5 {[%clk 0:57:20]} h6
{[%clk 0:49:04]} 23. Bg3 {[%clk 0:51:28]} Bd6 {[%clk 0:36:26]} 24. f4
{[%clk 0:47:05]} Qf6 {[%clk 0:26:56]} 25. Bh4 {[%clk 0:39:21]} g5
{[%clk 0:23:38]} 26. fxg5 {[%clk 0:28:56]} hxg5 {[%clk 0:23:53]} 27. Bh7+
{[%clk 0:26:34]} Kg7 {[%clk 0:23:44]} 28. Raf1 {[%clk 0:26:26]} Qd8
{[%clk 0:23:17]} 29. Bf2 {[%clk 0:22:36]} Ne7 {[%clk 0:20:46]} 30. Bb1
{[%clk 0:20:00]} Bg6 {[%clk 0:19:50]} 31. Rh3 {[%clk 0:18:49]} Qd7
{[%clk 0:16:43]} 32. Rfh1 {[%clk 0:15:01]} Rh8 {[%clk 0:16:12]} 33. Rxh8
{[%clk 0:10:56]} Rxh8 {[%clk 0:16:32]} 34. Rxh8 {[%clk 0:10:59]} Kxh8
{[%clk 0:16:43]} 1/2-1/2

[Event "Women's World Team Chess Championship"]
[Site "Khanty-Mansiysk, RUS."]
[Date "2017.06.19"]
[Round "3.16"]
[White "Fataliyeva Ulviyya (AZE)"]
[Black "Girya Olga (RUS)"]
[Result "0-1"]
[BlackElo "2480"]
[WhiteElo "2341"]
[LiveChessVersion "1.4.8"]

1. e4 {[%clk 1:30:58]} c6 {[%clk 1:30:55]} 2. d4 {[%clk 1:31:25]} d5
{[%clk 1:31:18]} 3. Nc3 {[%clk 1:31:53]} dxe4 {[%clk 1:31:36]} 4. Nxe4
{[%clk 1:32:22]} Bf5 {[%clk 1:31:56]} 5. Ng3 {[%clk 1:32:50]} Bg6
{[%clk 1:32:10]} 6. h4 {[%clk 1:33:18]} h6 {[%clk 1:32:24]} 7. Nh3
{[%clk 1:33:46]} e6 {[%clk 1:31:16]} 8. Nf4 {[%clk 1:34:15]} Bh7 {[%clk 1:31:33]}
9. Bc4 {[%clk 1:34:43]} Nf6 {[%clk 1:25:49]} 10. O-O {[%clk 1:35:04]} Bd6
{[%clk 1:21:29]} 11. Re1 {[%clk 1:35:28]} O-O {[%clk 1:20:25]} 12. c3
{[%clk 1:35:56]} Kh8 {[%clk 1:17:25]} 13. Bd2 {[%clk 1:04:40]} Nbd7
{[%clk 1:16:28]} 14. Nfh5 {[%clk 1:04:05]} Nxh5 {[%clk 1:07:21]} 15. Qxh5
{[%clk 1:00:47]} b5 {[%clk 0:54:07]} 16. Bb3 {[%clk 0:59:14]} a5 {[%clk 0:51:31]}
17. Rac1 {[%clk 0:54:01]} c5 {[%clk 0:47:20]} 18. Bc2 {[%clk 0:46:52]} Bxc2
{[%clk 0:45:14]} 19. Rxc2 {[%clk 0:47:10]} Nf6 {[%clk 0:44:59]} 20. Qf3
{[%clk 0:18:54]} Bxg3 {[%clk 0:42:56]} 21. Qxg3 {[%clk 0:14:54]} cxd4
{[%clk 0:43:11]} 22. cxd4 {[%clk 0:07:48]} b4 {[%clk 0:41:38]} 23. Qe5
{[%clk 0:02:57]} Ng4 {[%clk 0:37:54]} 24. Qf4 {[%clk 0:03:01]} Qxh4
{[%clk 0:36:28]} 25. Re4 {[%clk 0:02:24]} Qd8 {[%clk 0:28:09]} 26. Qf3
{[%clk 0:01:52]} f5 {[%clk 0:26:56]} 27. Rxe6 {[%clk 0:00:41]} Qxd4
{[%clk 0:27:14]} 28. Bf4 {[%clk 0:00:42]} Rac8 {[%clk 0:26:46]} 29. Rd6
{[%clk 0:00:57]} Qa7 {[%clk 0:26:05]} 30. Qd1 {[%clk 0:01:04]} Rxc2
{[%clk 0:25:47]} 31. Qxc2 {[%clk 0:01:32]} Re8 {[%clk 0:25:27]} 32. Rd1
{[%clk 0:01:13]} Qf7 {[%clk 0:19:46]} 33. b3 {[%clk 0:00:42]} Qe6
{[%clk 0:19:35]} 34. Qd3 {[%clk 0:00:34]} a4 {[%clk 0:15:47]} 35. Kf1
{[%clk 0:00:36]} axb3 {[%clk 0:11:49]} 36. axb3 {[%clk 0:01:03]} Qb6
{[%clk 0:12:02]} 37. Qd4 {[%clk 0:00:41]} Qa6+ {[%clk 0:10:52]} 38. Qd3
{[%clk 0:00:44]} Qe6 {[%clk 0:08:19]} 39. Bg3 {[%clk 0:00:35]} Qf7
{[%clk 0:02:55]} 40. Bf4 {[%clk 0:30:40]} Re4 {[%clk 0:30:47]} 41. Bg3
{[%clk 0:20:15]} Re8 {[%clk 0:19:42]} 42. Bf4 {[%clk 0:13:28]} Re4
{[%clk 0:20:08]} 43. Bg3 {[%clk 0:13:50]} Kh7 {[%clk 0:20:38]} 44. f3
{[%clk 0:03:31]} Re3 {[%clk 0:19:22]} 45. Qb5 {[%clk 0:01:36]} Rxb3
{[%clk 0:16:26]} 46. fxg4 {[%clk 0:01:18]} fxg4+ {[%clk 0:15:39]} 47. Kg1
{[%clk 0:01:12]} Rxg3 {[%clk 0:16:01]} 48. Rf1 {[%clk 0:00:38]} Qg6
{[%clk 0:14:02]} 49. Qxb4 {[%clk 0:00:38]} Rd3 {[%clk 0:14:12]} 50. Qf4
{[%clk 0:00:33]} g3 {[%clk 0:13:42]} 51. Re1 {[%clk 0:00:41]} Rb3
{[%clk 0:13:02]} 52. Rf1 {[%clk 0:00:37]} Rb1 {[%clk 0:12:03]} 53. Qf3
{[%clk 0:00:35]} Qb6+ {[%clk 0:11:57]} 54. Kh1 {[%clk 0:01:02]} Qg6
{[%clk 0:10:21]} 55. Kg1 {[%clk 0:01:20]} Rb4 {[%clk 0:09:05]} 56. Re1
{[%clk 0:00:39]} Rh4 {[%clk 0:06:02]} 57. Qe3 {[%clk 0:00:34]} Rg4
{[%clk 0:05:57]} 58. Qf3 {[%clk 0:00:32]} Qb6+ {[%clk 0:06:01]} 59. Kf1
{[%clk 0:00:38]} Qb5+ {[%clk 0:06:04]} 60. Re2 {[%clk 0:00:39]} Qc4
{[%clk 0:03:34]} 61. Qf5+ {[%clk 0:00:39]} Rg6 {[%clk 0:02:53]} 62. Qb1
{[%clk 0:00:38]} Qh4 {[%clk 0:03:12]} 63. Re6 {[%clk 0:00:32]} Qh1+
{[%clk 0:03:38]} 0-1